| 000 | 00670nam a2200205 i 4500 | ||
|---|---|---|---|
| 001 | 179047 | ||
| 003 | ES-MaACL | ||
| 005 | 20250808001536.0 | ||
| 008 | 110824s1911 ag |||| | spa d | ||
| 080 | _a929 Paso, Juan José | ||
| 100 | 1 |
_aSáenz Valiente, José María. _9147730 |
|
| 245 | 1 | 0 |
_aJuan José Paso / _cpor José María Sáenz Valiente. |
| 260 |
_aBuenos Aires : _bCabaut, _c1911. |
||
| 300 |
_aVIII, 90 p. ; _c18 cm. |
||
| 490 | 1 |
_aBiblioteca de mayo. Nuestros hombres ; _v5 |
|
| 600 | 1 | 4 |
_aPaso, Juan José. _9147731 |
| 830 | 0 | 0 |
_aBiblioteca de mayo. _pNuestros hombres _v5 _9191054 |
| 852 |
_aES-MaACL _jD-1896 |
||
| 999 |
_c179047 _d179047 |
||